Fascism (Record no. 1211684)

MARC details
000 -LEADER
fixed length control field 00432nam a2200193Ia 4500
008 - FIXED-LENGTH DATA ELEMENTS--GENERAL INFORMATION
fixed length control field 151121s9999||||xx |||||||||||||| ||und||
082 ## - DEWEY DECIMAL CLASSIFICATION NUMBER
Classification number 320।533/ROY
082 ## - DEWEY DECIMAL CLASSIFICATION NUMBER
Item number HNW-2881
100 ## - MAIN ENTRY--PERSONAL NAME
Personal name Roy M।N।
245 ## - TITLE STATEMENT
Title Fascism
260 ## - PUBLICATION, DISTRIBUTION, ETC. (IMPRINT)
Name of publisher, distributor, etc "D।M।Library, Cacutta।"
260 ## - PUBLICATION, DISTRIBUTION, ETC. (IMPRINT)
Date of publication, distribution, etc --
300 ## - PHYSICAL DESCRIPTION
Extent 153
600 ## - SUBJECT ADDED ENTRY--PERSONAL NAME
Personal name Roy M।N।
630 ## - SUBJECT ADDED ENTRY--UNIFORM TITLE
Uniform title Fascism
700 ## - ADDED ENTRY--PERSONAL NAME
Personal name Roy M।N।
730 ## - ADDED ENTRY--UNIFORM TITLE
Uniform title Fascism
942 ## - ADDED ENTRY ELEMENTS (KOHA)
Koha item type Book
Holdings
Withdrawn status Lost status Damaged status Not for loan Home library Current library Date acquired Total Checkouts Full call number Barcode Date last seen Price effective from Koha item type
        Hirachand Nemchand Wachanalaya, Solapur Hirachand Nemchand Wachanalaya, Solapur 11/21/2015   HNW-2881 HNW-2881 11/21/2015 11/21/2015 Book